LEADER 01706oam 2200505zu 450 001 9910376222303321 005 20210807001943.0 035 $a(CKB)3170000000001846 035 $a(SSID)ssj0001138423 035 $a(PQKBManifestationID)11688994 035 $a(PQKBTitleCode)TC0001138423 035 $a(PQKBWorkID)11131976 035 $a(PQKB)10382428 035 $a(WaSeSS)IndRDA00014795 035 $a(PPN)055735142 035 $a(Association for Computing Machinery)10.1145/304065 035 $a(EXLCZ)993170000000001846 100 $a20160829d1999 uy 101 0 $aeng 135 $aur||||||||||| 181 $ctxt 182 $cc 183 $acr 200 10$aProceedings of the ACM 1999 Conference on Java Grande 210 31$a[Place of publication not identified]$cACM$d1999 215 $a1 online resource (182 pages) 225 1 $aACM Conferences 300 $aBibliographic Level Mode of Issuance: Monograph 311 $a1-58113-161-5 410 0$aACM Conferences 517 1 $aProceedings of the Association for Computing Machinery 1999 Conference on Java Grande 517 1 $aJAVA '99 1999 ACM Conference on Java Grande, Palo Alto, CA, USA - June 12 - 14, 1999 606 $aEngineering & Applied Sciences$2HILCC 606 $aComputer Science$2HILCC 615 7$aEngineering & Applied Sciences 615 7$aComputer Science 700 $aFox$b Geoffrey$055685 702 $aSchauser$b Klaus 702 $aFox$b Geoffrey 712 02$aAssociation for Computing Machinery-Digital Library. 801 0$bPQKB 906 $aBOOK 912 $a9910376222303321 996 $aProceedings of the ACM 1999 Conference on Java Grande$92177541 997 $aUNINA